Las alternativas de la América Latina como clase media de las naciones /

में बचाया:
ग्रंथसूची विवरण
मुख्य लेखक: Orrego Vicuña, Francisco
स्वरूप: मूलपाठ
विषय:
टैग: टैग जोड़ें
कोई टैग नहीं, इस रिकॉर्ड को टैग करने वाले पहले व्यक्ति बनें!

MARC

LEADER 00000 a a2200000 04500
001 45368
003
040
090 |a REV0780 (9)1980  
100 |a Orrego Vicuña, Francisco  
245 |a Las alternativas de la América Latina como clase media de las naciones /  |c Francisco Orrego Vicuña  
650 |a TERCER MUNDO  
650 |a DESARROLLO ECONOMICO Y SOCIAL  
650 |a CLASE MEDIA  
650 |a AMERICA LATINA  
773 |g número9, II Epoca, (1980), páginas 21-43  
999 |c 37185  |d 37185